000
00265nam a2200109Ia 4500
008
190912s9999||||xx |||||||||||||| ||und||
100
_a
Parag Diwan
245
0
_a
Productivity & Technology Management
260
_a
USA
_b
McGraw-Hill
_c
1999
300
_a
658
942
_c
BK
999
_c
7421
_d
7421